01264naa a22003017a 4500001001000000003000900010005001700019007000300036008003400039040005400073041001300127072000800140090001800148100002300166111009100189245011000280260003600390500012000426650002200546650002200568650001900590650001600609773011900625909003600744942001400780999001900794952014900813BR8405400BR-BrBNA20240918175503.0ta230509b bl.||||| |||| 00| 0 por d aBR-BrBNAbporcBiblioteca Nacional de Agricultura a(En, Pt) aE11 aE11 BR84054001 aAngus-Leppan, P.V.1 aSimposio Internacional de Experiencia FundiariacSalvador, BA (Brazil)d20-24 Aug 19841 aAerofotogrametria na demarcacao e medicao de terras rurais e o uso do processamento de dados na titulacao3 aBrasilia, DF (Brasil): c1984.  aAnais do Simposio Internacional de Experiencia Fundiaria Brasilia, DF (Brasil): 1984. p. 347-400 (BR8405400-AM)E11  aPROPRIEDADE RURAL aAEROFOTOGRAMETRIA aCADASTRO RURAL aCARTOGRAFIA0 tAnais do Simposio Internacional de Experiencia FundiariabwE11 BR8405400gBrasilia, DF (Brasil), 1984. p. 347-400 a202404bLuciac55dLucia Elande cAM2AGRIS c316956d316956 002AGRIS40708Acervo Gerala41918b41918cAgrobasel0o5212 BR0404391r2024-05-20t01yAM10d2024-04-11ePortaria Interministerial nÂș 164/94